|
|
|
|
| LEADER |
00000nam0a2200000 4500 |
| 001 |
359737 |
| 005 |
20231102011221.0 |
| 035 |
|
|
|a (RuTPU)RU\TPU\retro\17017
|
| 090 |
|
|
|a 359737
|
| 100 |
|
|
|a 20201209d1976 m y0rusy50 ca
|
| 101 |
1 |
|
|a rus
|c eng
|
| 102 |
|
|
|a RU
|
| 105 |
|
|
|a y z 001gy
|
| 200 |
1 |
|
|a Из современной английской поэзии
|e пер. с англ.
|f сост. В. А. Скороденко ; под ред. Е. В. Приказчиковой
|
| 210 |
|
|
|a Москва
|c Прогресс
|d 1976
|
| 215 |
|
|
|a 365 с.
|
| 320 |
|
|
|a Вступительная статья: с. 5-34
|
| 606 |
1 |
|
|a Английская литература
|2 stltpush
|3 (RuTPU)RU\TPU\subj\29042
|9 52454
|
| 610 |
1 |
|
|a художественная литература
|
| 610 |
1 |
|
|a английская поэзия
|
| 610 |
1 |
|
|a стихи
|
| 610 |
1 |
|
|a 20 век
|
| 675 |
|
|
|a 82
|v 4
|
| 702 |
|
1 |
|a Скороденко
|b В. А.
|4 220
|
| 702 |
|
1 |
|a Приказчикова
|b Е. В.
|4 340
|
| 801 |
|
1 |
|a RU
|b 63413507
|c 20201209
|
| 801 |
|
2 |
|a RU
|b 63413507
|c 20210420
|g RCR
|
| 942 |
|
|
|c BK
|